[Event "Montecatini Terme"]
[Site "Montecatini Terme"]
[Date "2000.07.30"]
[Round "3"]
[White "Piket, Jeroen"]
[Black "Azmaiparashvili, Zurab"]
[Result "1-0"]
[WhiteElo "2649"]
[BlackElo "2673"]
[Annotator "Ribli,Z"]
[PlyCount "115"]
[EventDate "2000.07.28"]
[EventType "tourn"]
[EventRounds "7"]
[EventCountry "ITA"]
[EventCategory "17"]
[SourceTitle "CBM 079"]
[Source "ChessBase"]
[SourceDate "2000.11.21"]
[SourceVersion "1"]
[SourceVersionDate "2000.11.21"]
[SourceQuality "1"]

1. d4 d6 2. c4 g6 3. Nc3 Bg7 4. e4 e5 {Das ist eine Lieblingsvariante des
Großmeisters Azmaiparashvili. Dies ist vielleicht die beste Möglichkeit für
Schwarz, wenn er nicht die Königsindische Verteidigung mit 4...e5 wählen
möchte.} 5. dxe5 (5. Nf3) 5... dxe5 6. Qxd8+ Kxd8 7. f4 {Das ist die
strategische Pointe der ganzen Spielweise. Der Punkt d4 ist zwar ein
positionelles Loch. Aber da der schwarze König in der Mitte steht, öffnet Weiß
die Stellung.} Be6 (7... Nc6 8. Nf3 Nd4) 8. Nf3 Nd7 9. Ng5 {[%mdl 4] Mit
diesem direktem Zug beabsichtigt Weiß, den Be6 zu tauschen, gleichzeitig droht
10.f5.} (9. Be2 Ne7 10. O-O h6 11. Nd5 (11. Rd1 exf4 12. Bxf4 g5 13. Bg3 Ng6
14. Rd2 c6 15. Nd4 Bxd4+ 16. Rxd4 Ke7 17. Bd6+ Kf6 18. Rf1+ Kg7 19. c5 {
1-0 Suba,M-Azmaiparashvili,Z/Reykjavik 1990/CBM 18/[Ribli] (58)}) 11... c6 12.
Nxe7 Kxe7 13. f5 gxf5 14. exf5 Bxf5 15. Nxe5 Be6 16. Nxd7 {1/2-1/2 Vaganian,
R-Azmaiparashvili,Z/Reggio Emilia 1992/EXT 2000 (16)}) 9... Nh6 (9... Ne7 10.
Nxe6+ fxe6 11. g3 Nc6 12. Be3 Nd4 13. O-O-O Ke7 14. c5 Rhd8 15. h4 h5 16. Bg2
Nxc5 {0-1 Schmidt,O-Held,P/Wuerttemberg 1998/EXT 99 (42)}) (9... h6 10. Nxe6+
fxe6 11. g3 Ngf6 12. Be3 Ng4 13. Bd2 exf4 14. gxf4 Bd4 15. Nd1 e5 16. Be2 Ngf6
17. fxe5 Nxe4 18. Be3 Bxe5 19. O-O g5 20. Nf2 Nxf2 21. Rxf2 Ke7 22. Re1 Raf8
23. Bg4 Rxf2 24. Bxf2 {1-0 Gabriel,R-Held,P/Wuerttemberg 1997/EXT 99 (24)}) 10.
Be2 c6 11. O-O $14 {Strategisch scheint alles in Ordnung für Schwarz, seine
Bauernstruktur ist gesund. Aber das weiße Figurenspiel ist viel besser. Das
Hauptproblem von Schwarz ist, dass sein König keine Ruhe findet.} Ke7 12. h3 (
12. Nxe6 fxe6) 12... exf4 (12... Raf8 $5) 13. Bxf4 Ne5 (13... Rad8 14. Nxe6
Kxe6 (14... fxe6 $2 15. Bg5+ $18) 15. Rad1 $36) 14. Rad1 f6 (14... Rad8 15.
Nxe6 Kxe6 16. Be3 $14) 15. Bxe5 (15. Nxe6 Kxe6 16. Na4 Nhf7 17. Nc5+ Ke7 18.
Nxb7 Rab8 $132) 15... fxe5 16. Nxe6 Kxe6 17. Na4 {[%csl Re6][%cal Ra4c5,Rc5e6]
Viele Figuren sind schon abgetauscht, und trotzdem hat Schwarz noch immer
Probleme mit seinem König.} Bf8 (17... b6 18. c5 $16) 18. c5 {[%cal Ge2c4,
Gc4e6]} Ke7 19. Bc4 $36 {Es droht zwar nichts Konkretes, aber Weiß steht
aktiver - man betrachte nur die schwarzen Leichtfiguren Bf8 und Nh6.} Rd8 20.
g4 {[%csl Rh6]} Rxd1 (20... g5 21. Rxd8 Kxd8 22. Rd1+ $14) 21. Rxd1 g5 22. b4 {
Weiß hat Raumvorteil, doch die Verwertung des Vorteils ist, wenn überhaupt
möglich, nicht einfach. Denn die Stellung ist relativ geschlossen, und es gibt
wenige Durchbruchs- oder Eindringungsmöglichkeiten für Weiß.} Bg7 23. Nb2 {
[%cal Gb2d3]} Rf8 (23... Rd8 24. Rxd8 Kxd8 25. a4 $14 {[%csl Rh6]}) 24. Kg2 Rf4
(24... Nf7 25. Bxf7 Rxf7 26. Nc4 $14 {[%csl Yd6,Yf5][%cal Gc4e3,Ge3f5,Gc4d6]})
25. Re1 Rf8 26. Re3 Rd8 (26... b5 $5) 27. Rd3 Nf7 {Der Nh6 kann seinem
Schicksal nicht entgehen - der weiße Läufer wird ihn abtauschen.} (27... Rf8
$14) 28. Bxf7 (28. a4 $14) 28... Rxd3 29. Nxd3 Kxf7 30. a4 {[%csl Gd3,Re5,Rg5,
Rg7][%mdl 4096] Wir haben ein Endspiel zum Thema "Guter Springer gegen
schlechten Läufer" vor uns. Der Bg7 hat keine große Zukunft vor sich- er
befindet sich im "Kerker" seiner eigenen Bauern.} Bf6 31. Kf3 {[%cal Gf3e2,
Ge2d2,Gd2c3] Weiß hat Raumvorteil und auch eine Durchbruchsmöglichkeit mit
b4-b5 am Damenflügel, daher zielt der weiße König nach c3 (oder c4).} Ke6 32.
Ke2 Bd8 33. Kd2 Bc7 34. Kc3 {Weiß verbessert Schritt für Schritt seine
Stellung, während Schwarz zum Abwarten gezwungen ist.} Bd8 35. Nb2 {[%cal
Gb2c4] Weiß verbessert die Stellung seines Springers.} Bc7 36. Nc4 {[%csl Gc4]
Der Springer steht ausgezeichnet auf c4 - er kann von hier aus nach e3-f5
ziehen oder, wenn der Läufer sich entfernt, nach d6 eindringen.} Kd7 37. b5 $16
cxb5 (37... Ke6 38. b6 axb6 39. cxb6 Bd8 40. a5 $22) (37... Kc8 38. b6 axb6 39.
cxb6 Bb8 {[%csl Rb8]} 40. a5 Kd7 41. Kb4 Kc8 (41... Bd6+ 42. Nxd6 Kxd6 43. a6
bxa6 44. Ka5 $18) 42. Ka4 Kd8 43. a6 bxa6 44. Ka5 $18) 38. axb5 Ke6 39. Kb4 b6
{Schwarz muss so spielen, sonst kommt Weiß mit b5-b6.} (39... Bd8 40. b6 axb6
41. cxb6 $18) 40. Nb2 Bd8 41. Kc4 Be7 42. c6 (42. Nd3 bxc5 43. Nxc5+ Kd6 $14)
42... Bd6 43. Nd3 {[%cal Gd3b4,Gb4a6,Gb4d5]} Bc7 (43... h6 44. Nb4 Bxb4 45.
Kxb4 Ke7 (45... Kd6 46. Kc4 Ke6 47. c7) 46. Kc4 Kd6 47. c7 Kxc7 48. Kd5 $18)
44. Nb4 Bd6 45. Na6 Ba3 46. Nc7+ (46. c7 Kd7 47. Kd5 Bb2 48. Nb4 Kxc7 49. Nd3
$16) 46... Kd6 47. Ne8+ Ke6 48. c7 Kd7 49. Kd5 {Der weiße König überschreitet
Rubikon - Schwarz kann seine Stellung nicht retten.} Bb2 50. Nf6+ Kxc7 51. Nxh7
Bc1 52. Kxe5 $18 {Weiß hat nun schon einen Mehrbauern und eine leicht
gewonnene Stellung.} a5 53. bxa6 b5 54. Kd5 Kb6 (54... Be3 55. e5 $18) 55. e5
Kxa6 56. e6 Ba3 57. Nxg5 Kb6 58. Nf7 {[%csl Ge6,Gg4,Gh3]} 1-0

[Event "EU-chT (Men) 13th"]
[Site "Leon"]
[Date "2001.11.15"]
[Round "9.2"]
[White "Piket, Jeroen"]
[Black "Smirin, Ilia"]
[Result "1-0"]
[WhiteElo "2649"]
[BlackElo "2698"]
[Annotator "Ribli,Z"]
[PlyCount "67"]
[EventDate "2001.11.06"]
[EventType "team-swiss"]
[EventRounds "9"]
[EventCountry "ESP"]
[SourceTitle "CBM 086"]
[Source "ChessBase"]
[SourceDate "2002.02.05"]
[SourceVersion "1"]
[SourceVersionDate "2002.02.05"]
[SourceQuality "1"]
[WhiteTeam "Netherlands"]
[BlackTeam "Israel"]
[WhiteTeamCountry "NED"]
[BlackTeamCountry "ISR"]

1. d4 d6 2. c4 e5 3. Nf3 {Das ist wahrscheinlich die beste Fortsetzung für
Weiß - die Alternative ist 3.Nc3. Mit der Partiefortsetzung provoziert Weiß
den Zug e5 - e4.} e4 4. Ng5 f5 5. g3 Be7 6. Nh3 {[%cal Gh3f4] Weiß hat zwar in
der Tat ein paar Tempi verloren (Nf3 - Ng5 - Nh3), aber das Feld f4 ist ein
guter Posten für den Springer. Ich möche darauf hinweisen, dass GM Piket mit
dieser Strategie sehr erfolgreich ist.} c6 (6... Nf6 7. Nc3 O-O 8. Bg2 c6 9. d5
$5 Ng4 10. O-O Bf6 11. Qc2 Na6 12. Rd1 Ne5 13. b3 c5 14. a3 Nc7 15. f3 {
1-0 Piket,J-Kantsler,B/Ohrid 2001/CBM 84/[Atlas,V] (40)}) 7. Nc3 {Dieselbe
Stellung kann man auch durch die Zugfolge 1. c4 e5 2.Nc3 d6 3.Nf3 f5 4.d4 e4 5.
Ng5 c6 6.g3 Be7 7.Nh3 erreichen.} Nf6 8. Bg2 d5 {Dieser Zug ist zu direkt.
Meiner Meinung nach verdient 8...Be6 den Vorzug.} (8... O-O 9. O-O (9. d5 $5)
9... d5 (9... Kh8 10. d5 Nbd7 11. b3 Ne5 12. Bb2 a5 13. Rc1 Nfd7 14. dxc6 bxc6
15. Na4 Qe8 16. f3 {1-0 Piket,J-Hartoch,R/Leeuwarden 1993/TD (23)}) 10. cxd5
cxd5 11. Bg5 Be6 12. Nf4 Bf7 13. Qb3 Nc6 14. Bxf6 Bxf6 15. e3 Na5 16. Qb5 a6
17. Qe2 g5 {0-1 Szczepaniec,S-Rotshtein,E/Rowy 2000/CBM 78 ext (64)}) (8... Be6
9. d5 Bf7 10. O-O Nbd7) 9. cxd5 cxd5 (9... Nxd5 10. O-O Be6 11. f3 exf3 12.
Bxf3 Bf6 13. Nxd5 Bxd5 14. Be3 O-O 15. Bxd5+ Qxd5 16. Nf4 Qe4 17. Bf2 Nd7 18.
Qb3+ Rf7 19. Qxb7 Nb6 {0-1 Tauber,M-Landa,K/Schwaebisch Gmuend 2000/CBM 74 ext
(40)}) 10. Bg5 {Weiß möchte den Nf6 abtauschen und auf diese Weise den Pd5
schwächen.} Ng8 $5 {Eine interessante Idee - Schwarz verliert zwar ein Tempo,
vermeidet dafür aber den Abtausch durch 11.Bxf6.} (10... Nc6 11. Bxf6 (11. Nf4
$5 Ng8 $5 12. h4 (12. Bxe7 Ngxe7 13. e3) 12... h6 13. Bxe7 Ngxe7 14. e3 O-O 15.
h5 $14) 11... Bxf6 12. e3 Be6 (12... O-O 13. Nf4 Ne7 14. Qb3 $16) 13. Nf4 Bf7
14. Qb3 O-O 15. Nfxd5 $6 (15. Qxb7 $5) 15... Kh8 $1 16. Qb5 a6 17. Qc5 {[#]}
Nxd4 $1 {0-1 Cramling,P-Davies,N/Katrineholm 1995/CBM 49/[Ribli] (30)}) 11.
Bxe7 Nxe7 12. Nf4 Nbc6 13. e3 O-O 14. h4 $14 {[%csl Gf4] Weiß sichert die
Stellung seines Nc4. Schwarz kann jetzt nicht mehr (so leicht) g7 - g5 spielen.
} Qd6 15. Qb3 {[%csl Rd5][%cal Gb3g8,Gb3b7]} Rd8 16. a3 b6 17. Bf1 $1 {[%cal
Gf1b5] Weiß verbessert die Stellung seines Läufers, der auf g2 relativ passiv
stand. Zudem unterbindet Weiß mit diesem Zug das mögliche 17... Ba6.} Bb7 18.
Rc1 Rac8 19. Be2 Kh8 20. Kf1 {Ein typisches Königsmanöver - der König findet
einen sicheren Platz auf g2.} g6 21. Kg2 Kg7 22. Qa4 a6 $2 (22... h6 $142 $14)
23. Bxa6 $1 {Mit diesem Zug gibt Weiß eigentlich seine Dame für B+R +P.} (23.
b4 b5 $11) 23... Ra8 24. Bxb7 Rxa4 25. Nxa4 $16 {[%mdl 1024] Die weißen
Leichtfiguren stehen sehr aktiv, die schwarze Dame hingegen hat nur wenige
aktive Möglichkeiten.} Na5 (25... Rb8 26. Bxc6 (26. Ba6) 26... Nxc6 27. Rc2 $16
) 26. Ba6 Ra8 (26... Nb3 27. Rc3 $16 (27. Rc2 Ra8 28. Bb5 Rc8 29. Nc3 $14)) 27.
Bb5 Nc4 28. Rc2 h6 (28... Ra5 29. Nc3 $16) 29. Nc3 {Droht 30.Ncxd5 mit
Bauerngewinn.} Na5 30. b4 Nb7 (30... Nc4 31. Ncxd5 Nxd5 (31... Nxa3 32. Rc7
Nxb5 33. Rxe7+ Kh8 (33... Kg8 34. Rd7 $18) 34. Re6 $18) 32. Nxd5 Nxa3 33. Rc7+
Kf8 34. Rd7 Qb8 35. Ra1 $1 Nxb5 (35... Ra7 36. Rxa3 $1 Rxa3 37. Nf4 $18) 36.
Rh7 $1 Qxg3+ (36... Rxa1 37. Rh8+ Kf7 38. Rxb8 $18) 37. Kxg3 Rxa1 38. h5 $18) {
[#]} 31. Ncxd5 $1 {[%mdl 64] Durch dieses vorübergehende Springeropfer gewinnt
Weiß einen wichtigen Zentrumsbauern.} Nxd5 32. Nxd5 Qxd5 33. Rc7+ Kf8 34. Bc4
$18 {Die schwarze Stellung ist hoffnungslos - Weiß gewinnt den Nb7 und bekommt
- mit R+B+P+P für die Q- entscheidenden Vorteil.} (34. Bc4 Qd6 35. Rf7+ Ke8 36.
Rxb7 Rc8 (36... Kd8 37. Bb5 $18) (36... Rxa3 37. Bb5+ Kf8 38. Rc1 Ra8 39. Rc6
$18) 37. Bf7+ $1 Kd8 38. d5 h5 (38... Rc3 39. Be6 Rxa3 $6 40. Rc1 Ra8 41. Rg7
$18) 39. Rd1 (39. Be6 Rc7) 39... Rc3 (39... Rc7 40. Rxc7 Kxc7 41. Rc1+ $18) 40.
Be6 Rc7 41. Rxc7 Qxc7 42. d6 Qc6 43. a4 Qe8 (43... Qxa4 44. Rc1 $18) 44. Bb3
Qc6 45. Rd4 Qd7 46. a5 $18) 1-0

[Event "Corus"]
[Site "Wijk aan Zee"]
[Date "2002.01.16"]
[Round "4"]
[White "Piket, Jeroen"]
[Black "Gelfand, Boris"]
[Result "1-0"]
[WhiteElo "2659"]
[BlackElo "2703"]
[PlyCount "80"]
[EventDate "2002.01.12"]
[EventType "tourn"]
[EventRounds "13"]
[EventCountry "NED"]
[EventCategory "18"]
[SourceTitle "CBM 087"]
[Source "ChessBase"]
[SourceDate "2002.03.21"]
[SourceVersion "1"]
[SourceVersionDate "2002.03.21"]
[SourceQuality "1"]

1. d4 Nf6 2. c4 e6 3. Nc3 Bb4 4. e3 O-O 5. Bd3 d5 6. cxd5 exd5 7. Nge2 Re8 8.
O-O Bd6 9. Bd2 c5 10. dxc5 Bxc5 11. Rc1 Nc6 12. Nb5 Bb6 13. Nbd4 Bd7 14. Bc3
Ne4 15. Nxc6 bxc6 16. Bd4 Qg5 17. Bxe4 Rxe4 18. Ng3 Rh4 19. f4 Qh6 20. h3 Re8
21. Rf3 Qd6 22. a4 Qb4 23. b3 Rh6 24. Bxb6 Qxb6 25. Qd4 Rhe6 26. Nf5 Qxd4 27.
Nxd4 Rxe3 28. Rxe3 Rxe3 29. Nxc6 Rxb3 30. Nxa7 Kf8 31. Rc5 Bxa4 32. Rxd5 Rb8
33. Rc5 Bd7 34. Rc7 Ke8 35. Kh2 Rb6 36. f5 h5 37. g4 h4 38. Kg2 Ra6 39. Rb7 Kd8
40. Kf2 Ra2+ 1-0

[Event "Corus"]
[Site "Wijk aan Zee"]
[Date "2002.01.26"]
[Round "12"]
[White "Gurevich, Mikhail"]
[Black "Piket, Jeroen"]
[Result "0-1"]
[WhiteElo "2641"]
[BlackElo "2659"]
[Annotator "Stohl,I"]
[PlyCount "108"]
[EventDate "2002.01.12"]
[EventType "tourn"]
[EventRounds "13"]
[EventCountry "NED"]
[EventCategory "18"]
[SourceTitle "CBM 087"]
[Source "ChessBase"]
[SourceDate "2002.03.21"]
[SourceVersion "1"]
[SourceVersionDate "2002.03.21"]
[SourceQuality "1"]

1. d4 Nf6 2. c4 c5 3. d5 e5 4. Nc3 d6 5. e4 Be7 6. h3 (6. Bd3 O-O 7. h3 Ne8 8.
Nf3 g6 9. g4 Ng7 10. Qe2 Kh8 11. Bd2 Nd7 12. O-O-O Nf6 13. Rdg1 a6 14. Ng5 Nxd5
$2 15. Nxf7+ Rxf7 16. exd5 Bg5 17. Be3 $1 $16 {[%csl Rg7] פg7} Bxe3+ 18. fxe3
Bd7 19. Rf1 Rxf1+ 20. Rxf1 Qe7 21. Qf3 Ne8 22. Qf7 Qxf7 23. Rxf7 Rd8 24. Ne4
Kg8 25. Re7 b5 26. cxb5 axb5 $2 27. Rxd7 Rxd7 28. Bxb5 {1-0,Seirawan,Y-Ivanov,
I/USA-ch Seattle/2002/}) 6... Nbd7 7. Bd3 a6 8. Nf3 Rb8 {Black plays a
noncommittal move and delays castling not to give White a target as in the
above example. Nevertheless his position remains cramped and White has more
than one promisisng plan to choose from.} 9. a3 {Relying solely on <<play
usually doesn't give White so much.} (9. a4 b6 10. Qe2 Nf8 (10... O-O $142) 11.
Be3 Ng6 12. Rb1 O-O 13. b4 Bd7 14. b5 $5 Ra8 15. Kd2 $1 Nh5 16. g3 f5 17. exf5
Bxf5 18. Bxf5 Rxf5 19. Kc2 $16 {[%csl Re4,Re7] ץe7,e4,Jimenez Zerquera,
E-Panno,O/Havana/1969/ In this game White intended to close the << and
concentrate only on >> play to exploit his ().}) (9. Qe2 Nf8 10. Rb1 Ng6 11. b4
cxb4 12. Rxb4 O-O 13. Qb2 Nh5 14. Ne2 (14. g3 $142 f5 15. Be3 $1 $36 {Here we
see another facet of a plan similar to the one from the example above: is
Black himself opens the <<, a6 is a serious weakening.}) 14... Nhf4 15. Nxf4
Nxf4 16. Bxf4 exf4 17. O-O Bf6 18. Qc2 h5 19. Be2 Re8 20. Rd1 Bd7 21. Rdb1 Qc7
$132 {Akesson,R-Johansson,J/SWE-ch Norrkoeping/1988/}) 9... O-O 10. a4 $6 {
Conceding his last move was probably not best.} ({Consistent was at least} 10.
b4 $5 $14 {/\} b5 $2 11. cxb5 axb5 12. Nxb5 Nxe4 13. Na7 $1 $16) 10... Nh5 11.
Ne2 {An indication White intends to play g4 after all.} (11. g3 $5 $14 {
/~~ is more solid}) 11... g6 12. g4 {[%mdl 32];Navrotescu,C (2435)-Tugui,A 
(2337) ROM-ch Targoviste 2001 (6) 0-1 A brave, but risky decision. To lead a
successful attack White needs a safe haven for his K, this will be difficult
to achieve with his already compromised <<. Here expansion on both flanks only
gives Black's <=> targets, in the end Piket's strategy will triumph and Black
will grab the |^ on both flanks. In this CBM we have one similar example of
overexposure in} {where White's K suffered on the <<.} Ng7 13. Bh6 Nf6 14. Ng3
Kh8 15. Qc2 Bd7 {[%cal Rb7b5] /\b5} (15... b6 $5 $13 {/\Bd7}) 16. a5 b5 17.
axb6 Qxb6 18. Ra2 a5 $1 $11 {Already the first success for Black, he moves his
P to a4 and claims extra () on the <<.} (18... Ng8 $6 19. Bd2 $14) (18... Qb3
19. Qb1 $5 Qb6 20. Bd2 $14) 19. Bd2 a4 20. Bc3 Ng8 21. Ra3 (21. Qe2 Rb7 22. Bc2
Ra8 $11) 21... Rb7 22. Kf1 Bd8 (22... Ra8 23. Kg2 Qd8 $11) 23. Kg2 Qc7 24. Qd2
(24. Rha1 Qc8 {[%cal Yf7f5,Yh7h5] /\f5,h5<=>}) 24... f5 25. exf5 gxf5 26. Bc2 (
26. gxf5 Nxf5 27. Bxf5 Bxf5 28. Rxa4 Qg7 $44 {/\Rbf7}) 26... Ne7 27. Qh6 (27.
Bxa4 $142 $5 Ng6 (27... fxg4 28. hxg4 Bxg4 29. Ng5 $40) 28. Bxd7 Qxd7 29. g5
Nf4+ 30. Kh2 $13) 27... Ng6 28. Ng5 (28. g5 $5 Rb4 29. Nd2 {/\h4-h5,g6->} Qb7 {
[%cal Rb4b2] /\Rb2<=>}) 28... Bxg5 29. Qxg5 Rb4 $1 {After this blow White
loses his orientation.} 30. gxf5 $2 (30. b3 $1 axb3 31. Bxb3 Nf4+ 32. Kh2 Rbb8
33. Bc2 $132) (30. Bxb4 cxb4 31. Raa1 Qxc4 $17) 30... Bxf5 $1 $17 (30... Nf4+
$2 31. Kh2 Rxc4 32. Qe7 $16) 31. Nxf5 (31. Bxb4 cxb4 32. Bxf5 Nxf5 33. Raa1 (
33. Nxf5 Rxf5 $19) 33... Ngh4+ 34. Kf1 Qxc4+ $19) (31. Bxf5 Nxf5 $40) 31...
Nxf5 32. h4 (32. Rxa4 Ngh4+ 33. Kf1 h6 34. Qc1 (34. Qf4 Rxa4 35. Bxa4 Qg7 $1
$19) (34. Qg1 Ne3+ $19) 34... Rxa4 35. Bxa4 Ng3+ $19) (32. Bxf5 Rxf5 33. Qg4
Rf4 $19) (32. Rha1 Rxc4 33. Rxa4 Nfh4+ $17 {->}) 32... Rxc4 $1 33. h5 (33. Bxf5
$142 $5 Qf7 34. Bxe5+ $1 Nxe5 (34... dxe5 $2 35. Bxg6 Qxf2+ 36. Kh3 $11) 35.
Rg3 Qxd5+ 36. f3 $17) 33... Nf4+ 34. Kh2 (34. Kf1 h6 35. Qg1 Ne3+ $1 36. fxe3
Nh3+ $19) 34... h6 35. Qg4 Rg8 $19 36. Bxf5 (36. Qxg8+ Kxg8 37. Bxf5 Qf7 38.
Rg1+ Kh8 $19) 36... Rxg4 37. Bxg4 Qe7 (37... Nxd5 $19) 38. Be1 Rc1 $6 (38...
Qh4+ $142 39. Bh3 Rc1 40. Rg3 Rxe1 41. Rxe1 Nxh3 $19) 39. Kg3 Qg5 40. Rxa4 Ne2+
41. Kh3 Nf4+ 42. Kg3 c4 {Although Black missed a more direct win in
time-trouble, his position remains overwhelming. The rest is agony.} 43. Ra8+
Kg7 44. Ra7+ Kf6 45. Rd7 Rxe1 $1 46. Rxe1 (46. Rxd6+ Ke7 47. Rd7+ Ke8 48. Rxe1
Nxh5+ 49. Kh3 Nf4+ 50. Kg3 h5 $19) 46... Nxh5+ 47. Kh3 (47. Kf3 $2 Qf4+) 47...
Nf4+ 48. Kg3 h5 49. f3 hxg4 50. fxg4 Nxd5 $1 {The simplest, as after taking
the N White loses one of his R.} 51. Rxd6+ Ke7 52. Rxd5 Qf4+ 53. Kg2 (53. Kh3
Qf3+ $19 {[%cal Rf3f2,Rf2e1] /\Qf2-e1}) 53... Qxg4+ 54. Kf2 (54. Kh2 Qh4+) (54.
Kf1 Qf3+) 54... Qh4+ (54... Qh4+ 55. Kf1 (55. Ke2 Qe4+) 55... Qh1+) 0-1